000 01691cam a2200445 a 4500
001 14477530
003 OSt
005 20240708102543.0
008 060802s2004 enka b i000 0 eng d
010 _a 2006445234
015 _aGBA558170
_2bnb
016 7 _a013249562
_2Uk
020 _a0850928192
035 _a(OCoLC)ocm60764792
040 _cmust
042 _alccopycat
043 _ad------
050 0 0 _aHF1379
_b.B67 2004
082 0 0 _a338.96 BOR 2004
_222
100 1 _aBora, Bijit.
_918479
245 1 0 _aMarginalisation of LDCs and small vulnerable states in world trade /
_cBijit Bora, Roman Grynberg, Mohammed A. Razzaque.
260 _aLondon :
_bCommonwealth Secretariat,
_cc2004.
300 _axii, 114 p. :
_bill. ;
_c26 cm.
490 1 _aEconomic paper / Commonwealth Secretariat ;
_v71
504 _aIncludes bibliographical references (p. 111-114).
650 0 _aInternational trade.
_91473
650 0 _aComparative advantage (International trade)
_918480
650 0 _aFree trade
_zDeveloping countries.
_917804
650 0 _aInternational division of labor.
_918481
650 0 _aStates, Small.
_918482
651 0 _aDeveloping countries
_xCommerce.
_917805
700 1 _aGrynberg, Roman.
_918483
700 1 _aRazzaque, Mohammed A.
_918484
710 2 _aCommonwealth Secretariat.
_97533
830 0 _aEconomic paper (Commonwealth Secretariat) ;
_v71.
_918485
856 4 1 _3Table of contents only
_uhttp://www.loc.gov/catdir/toc/fy0701/2006445234.html
906 _a7
_bcbc
_ccopycat
_d2
_encip
_f20
_gy-gencatlg
942 _2ddc
_cO_SHELF
999 _c9082
_d9082